He is Lord: (Record no. 4945)

MARC details
000 -LEADER
fixed length control field 00502nam a22001817a 4500
003 - CONTROL NUMBER IDENTIFIER
control field GBCCL
005 - DATE AND TIME OF LATEST TRANSACTION
control field 20241126110530.0
008 - FIXED-LENGTH DATA ELEMENTS--GENERAL INFORMATION
fixed length control field 180215b ||||| |||| 00| 0 eng d
020 ## - INTERNATIONAL STANDARD BOOK NUMBER
International Standard Book Number 0882439022
040 ## - CATALOGING SOURCE
Transcribing agency gbc
082 ## - DEWEY DECIMAL CLASSIFICATION NUMBER
Classification number 232
Item number HOL
100 ## - MAIN ENTRY--PERSONAL NAME
Personal name Holmes, George
9 (RLIN) 8973
245 ## - TITLE STATEMENT
Title He is Lord:
Remainder of title What the Bible Says about Jesus Christ /
Statement of responsibility, etc. George Holmes
260 ## - PUBLICATION, DISTRIBUTION, ETC.
Place of publication, distribution, etc. Springfield:
Name of publisher, distributor, etc. Gospel Publishing House,
Date of publication, distribution, etc. 1977
300 ## - PHYSICAL DESCRIPTION
Extent 128 p.;
Dimensions 18 cm.
650 ## - SUBJECT ADDED ENTRY--TOPICAL TERM
Topical term or geographic name entry element Jesus Christ
9 (RLIN) 5883
942 ## - ADDED ENTRY ELEMENTS (KOHA)
Source of classification or shelving scheme Dewey Decimal Classification
Koha item type Books
Koha issues (borrowed), all copies 1
Holdings
Withdrawn status Lost status Source of classification or shelving scheme Damaged status Not for loan Home library Current Library Shelving location Date acquired Total checkouts Full call number Barcode Date last seen Copy number Price effective from Koha item type Total renewals Date last checked out
    Dewey Decimal Classification     GRACE BIBLE COLLEGE GRACE BIBLE COLLEGE Theology 2018-02-15   232 HOL 009171 2025-05-01 c.1 2018-02-15 Books    
    Dewey Decimal Classification     GRACE BIBLE COLLEGE GRACE BIBLE COLLEGE Theology 2018-02-15 1 232 HOL 009172 2025-05-01 c.2 2018-02-15 Books 1 2024-01-08
© Grace Bible College Library 2025